[Event "Open Brno 2014"]
[Site "Brno CZE"]
[Date "2014.11.21"]
[Round "8.16"]
[White "Rusek, Walter"]
[Black "Davis, Lee"]
[Result "0-1"]
[WhiteElo "1798"]
[BlackElo "1971"]
[PlyCount "36"]
[EventDate "2014.11.15"]
[EventType "swiss"]
[EventRounds "9"]
[EventCountry "CZE"]
[Source "lmi"]
[SourceDate "2014.11.15"]

1. d4 Nf6 2. c4 e6 3. Nc3 Bb4 4. Qc2 d5 5. cxd5 Qxd5 6. Nf3 Nc6 7. a3 Bxc3+ 8.
bxc3 O-O 9. Bf4 Bd7 10. Bxc7 Rfc8 11. c4 Nxd4 12. Nxd4 Qxd4 13. Rd1 Qc5 14. Bd6
Qxc4 15. Qxc4 Rxc4 16. e3 Rcc8 17. Bd3 Ba4 18. Rb1 Rd8 0-1

[Event "Open Brno 2014"]
[Site "Brno CZE"]
[Date "2014.11.21"]
[Round "8.17"]
[White "Frej, Zofia"]
[Black "Gentsch, Peter"]
[Result "1/2-1/2"]
[WhiteElo "1713"]
[BlackElo "1956"]
[PlyCount "73"]
[EventDate "2014.11.15"]
[EventType "swiss"]
[EventRounds "9"]
[EventCountry "CZE"]
[Source "lmi"]
[SourceDate "2014.11.15"]

1. e4 c5 2. Nf3 d6 3. c3 Nf6 4. h3 Nc6 5. Bd3 g6 6. O-O Bg7 7. Bc2 O-O 8. Re1
b6 9. d4 cxd4 10. cxd4 Bb7 11. Nc3 Rc8 12. Bf4 Ne8 13. Bg3 Nc7 14. Qd2 Nb4 15.
Bb3 e6 16. Nb5 Nxb5 17. Qxb4 Bc6 18. a4 a5 19. Qd2 Nc7 20. d5 exd5 21. exd5 Bb7
22. Rac1 Qf6 23. Rc2 Na6 24. Rec1 Nc5 25. Ba2 Rce8 26. Qf4 Rd8 27. Qxf6 Bxf6
28. Bh4 Bxh4 29. Nxh4 Rfe8 30. Bc4 Re4 31. Nf3 Rde8 32. b3 Kg7 33. Kh2 h6 34.
Kg3 g5 35. Rd1 Kf6 36. Nd4 h5 37. Nb5 1/2-1/2

[Event "Open Brno 2014"]
[Site "Brno CZE"]
[Date "2014.11.21"]
[Round "8.18"]
[White "Borisek, Anze"]
[Black "Doskar, Miloslav"]
[Result "1-0"]
[WhiteElo "1934"]
[BlackElo "1725"]
[PlyCount "59"]
[EventDate "2014.11.15"]
[EventType "swiss"]
[EventRounds "9"]
[EventCountry "CZE"]
[Source "lmi"]
[SourceDate "2014.11.15"]

1. d4 d5 2. f4 Nf6 3. Nf3 Bg4 4. e3 Nbd7 5. c3 e6 6. Be2 Be7 7. O-O O-O 8. Ne5
Bxe2 9. Qxe2 Re8 10. Nd2 c5 11. g4 g6 12. Qf3 Rf8 13. Re1 Kg7 14. f5 gxf5 15.
gxf5 Rg8 16. e4 exf5 17. exd5 cxd4 18. c4 Bd6 19. Nxd7 Qxd7 20. Nb3 Kh8+ 21.
Kh1 Rg4 22. Bd2 Rag8 23. Nxd4 Bxh2 24. Nxf5 Bb8 25. Bc3 R4g6 26. Nh4 Qd8 27.
Nxg6+ Rxg6 28. Bxf6+ Qxf6 29. Qxf6+ Rxf6 30. Re8+ 1-0

[Event "Open Brno 2014"]
[Site "Brno CZE"]
[Date "2014.11.21"]
[Round "8.19"]
[White "Gurtovoi, Borys"]
[Black "Zuziak, Petr"]
[Result "1-0"]
[WhiteElo "1919"]
[BlackElo "1744"]
[PlyCount "165"]
[EventDate "2014.11.15"]
[EventType "swiss"]
[EventRounds "9"]
[EventCountry "CZE"]
[Source "lmi"]
[SourceDate "2014.11.15"]

1. d4 Nf6 2. Nf3 g6 3. Bg5 Bg7 4. e3 O-O 5. Bd3 d5 6. Nbd2 c6 7. c3 Bg4 8. Qb3
Bxf3 9. Nxf3 Qc7 10. Bf4 Qc8 11. O-O Nbd7 12. c4 b6 13. h3 Qb7 14. Rac1 c5 15.
cxd5 Qxd5 16. Bc4 Qb7 17. dxc5 Nxc5 18. Bxf7+ Rxf7 19. Rxc5 Qxf3 20. gxf3 bxc5
21. Be5 Raf8 22. Rc1 Nd7 23. Bxg7 Kxg7 24. f4 e5 25. Qc3 Kh6 26. Rd1 exf4 27.
exf4 Nf6 28. Qe5 Nh5 29. Qg5+ Kg7 30. f5 Rxf5 31. Rd7+ Kg8 32. Qh6 R5f7 33.
Rxf7 Rxf7 34. Qe3 Nf4 35. Kh2 c4 36. f3 Nd3 37. b3 cxb3 38. axb3 Nf4 39. b4 Nh5
40. b5 Nf4 41. Kg3 Nh5+ 42. Kf2 Nf4 43. Qe8+ Kg7 44. Qc8 Nd3+ 45. Ke3 Ne5 46.
f4 Nd7 47. Qc3+ Kg8 48. Qd4 Nb6 49. h4 Rd7 50. Qc5 Rf7 51. Qc6 Rf6 52. Qe8+ Rf8
53. Qe6+ Rf7 54. h5 gxh5 55. Qe8+ Kg7 56. Qe5+ Kf8 57. Qxh5 Nc4+ 58. Kf3 Nb6
59. Qc5+ Kg8 60. Kg4 Nd7 61. Qc4 Kg7 62. Qd4+ Nf6+ 63. Kg5 h6+ 64. Kf5 h5 65.
Ke6 Kf8 66. Qd8+ Kg7 67. f5 h4 68. Qd4 h3 69. Qh4 Nh7 70. Ke5 Rb7 71. f6+ Kf8
72. Qc4 Rb6 73. Qc8+ Kf7 74. Qd7+ Kg6 75. Qg7+ Kh5 76. Qxh7+ Kg4 77. Qf5+ Kg3
78. Qd3+ Kg2 79. Qe2+ Kg1 80. Qg4+ Kh2 81. f7 Rxb5+ 82. Kf6 Rb1 83. Qe2+ 1-0

[Event "Open Brno 2014"]
[Site "Brno CZE"]
[Date "2014.11.21"]
[Round "8.20"]
[White "Zejda, Karel"]
[Black "Vesely, Jaromir"]
[Result "0-1"]
[WhiteElo "1773"]
[BlackElo "2008"]
[PlyCount "120"]
[EventDate "2014.11.15"]
[EventType "swiss"]
[EventRounds "9"]
[EventCountry "CZE"]
[Source "lmi"]
[SourceDate "2014.11.15"]

1. d4 d5 2. Nf3 c6 3. Bf4 Bf5 4. e3 e6 5. Nbd2 Nd7 6. c3 h6 7. h3 g5 8. Be5 f6
9. Bg3 Bg7 10. Nh2 Bg6 11. Be2 h5 12. Bd6 Ne7 13. Bf3 Nf5 14. Ba3 Nh4 15. e4
Qb6 16. Qe2 O-O-O 17. O-O f5 18. exd5 cxd5 19. Be7 Nxf3+ 20. Ndxf3 g4 21. Nh4
Rde8 22. Nxg6 Rh6 23. Bc5 Nxc5 24. dxc5 Qc7 25. Nh4 Be5 26. f4 Bxf4 27. Nxf5
Bxh2+ 28. Kh1 Rg6 29. g3 Bxg3 30. Nxg3 Qxg3 31. Qh2 Qd3 32. Rf7 e5 33. Rg1 Qe4+
34. Qg2 Qxg2+ 35. Rxg2 g3 36. Re2 Rg5 37. Kg2 e4 38. h4 Rg4 39. Rf5 Rxh4 40.
Kxg3 Rg4+ 41. Kh3 Rd8 42. Rxh5 Rg1 43. Kh2 Rg7 44. Rh4 Rc7 45. b4 b6 46. cxb6
axb6 47. Rh3 Kb7 48. Rd2 Kc6 49. Rh6+ Rd6 50. Rh3 Kb5 51. Kg2 Rf7 52. Rg3 Kc6
53. Rd4 b5 54. Rg5 Rf3 55. Rg3 Rdf6 56. Rd2 Rxg3+ 57. Kxg3 Rf3+ 58. Kg2 Rxc3
59. Kf2 Kd6 60. Rb2 Ra3 0-1

[Event "Open Brno 2014"]
[Site "Brno CZE"]
[Date "2014.11.21"]
[Round "8.21"]
[White "Zikan, Karel"]
[Black "Kopecek, Ivan"]
[Result "0-1"]
[WhiteElo "1743"]
[BlackElo "1938"]
[PlyCount "54"]
[EventDate "2014.11.15"]
[EventType "swiss"]
[EventRounds "9"]
[EventCountry "CZE"]
[Source "lmi"]
[SourceDate "2014.11.15"]

1. Nf3 f5 2. g3 Nf6 3. Bg2 g6 4. b3 Bg7 5. Bb2 O-O 6. O-O c5 7. c4 Nc6 8. Nc3
Qe8 9. e3 Ne4 10. Qe1 Nxc3 11. Bxc3 e5 12. d3 d6 13. Qd2 Qe7 14. Rfd1 g5 15. a3
f4 16. e4 Bg4 17. h3 Bxf3 18. Bxf3 fxg3 19. Qe2 gxf2+ 20. Qxf2 g4 21. hxg4 Bh6
22. Qg3 Bf4 23. Qh3 Rf6 24. Kf1 Rh6 25. Qg2 Rh2 26. Qg1 Rf8 27. Re1 Rc2 0-1

[Event "Open Brno 2014"]
[Site "Brno CZE"]
[Date "2014.11.21"]
[Round "8.22"]
[White "Glozar, Petr"]
[Black "Stanek, Stanislav"]
[Result "1/2-1/2"]
[WhiteElo "1665"]
[BlackElo "1938"]
[PlyCount "99"]
[EventDate "2014.11.15"]
[EventType "swiss"]
[EventRounds "9"]
[EventCountry "CZE"]
[Source "lmi"]
[SourceDate "2014.11.15"]

1. e4 e5 2. Nf3 d6 3. d4 Qe7 4. dxe5 dxe5 5. Nc3 c6 6. Bc4 f6 7. Qd3 Be6 8. Be3
Bxc4 9. Qxc4 Qf7 10. Qxf7+ Kxf7 11. O-O-O Be7 12. Na4 b6 13. c4 Ke6 14. Rd3 Nd7
15. Rhd1 Nf8 16. Nh4 g6 17. g3 Rc8 18. f4 Rc7 19. f5+ Kf7 20. Nc3 Ke8 21. a3 g5
22. Nf3 Rd7 23. b4 Rxd3 24. Rxd3 Nd7 25. h4 g4 26. Nd2 h5 27. Nb3 Nh6 28. Kb2
Nf7 29. b5 Nb8 30. bxc6 Nxc6 31. Nd5 Nd6 32. Nxe7 Kxe7 33. Nd2 Na5 34. c5 Ndc4+
35. Nxc4 Nxc4+ 36. Kb3 Nxe3 37. Rxe3 bxc5 38. Kc4 Rd8 39. Kxc5 Rd4 40. Kc6 a5
41. Kb5 a4 42. Kc6 Kd8 43. Kb7 Kd7 44. Kb6 Kc8 45. Rc3+ Kd7 46. Re3 Kd6 47. Kb5
Kc7 48. Rc3+ Kb7 49. Re3 Ka7 50. Ka5 1/2-1/2

[Event "Open Brno 2014"]
[Site "Brno CZE"]
[Date "2014.11.21"]
[Round "8.23"]
[White "Svoboda, Zdenek"]
[Black "Kosina, Vladimir"]
[Result "1/2-1/2"]
[WhiteElo "1691"]
[BlackElo "1763"]
[PlyCount "90"]
[EventDate "2014.11.15"]
[EventType "swiss"]
[EventRounds "9"]
[EventCountry "CZE"]
[Source "lmi"]
[SourceDate "2014.11.15"]

1. e4 c5 2. Nc3 Nc6 3. g3 g6 4. Bg2 Bg7 5. d3 d6 6. Nge2 Rb8 7. Be3 b5 8. Qd2
b4 9. Nd1 e6 10. O-O Nge7 11. Bf4 O-O 12. Bh6 a5 13. Bxg7 Kxg7 14. b3 Bb7 15.
c4 Ng8 16. Ne3 h5 17. f4 Qf6 18. Rad1 Nd4 19. Nc2 Rfd8 20. Ncxd4 cxd4 21. Qb2
e5 22. fxe5 Qxe5 23. Qxd4 f6 24. Rf2 Ne7 25. Rdf1 Rf8 26. Qa1 Nc6 27. Rd1 Qxa1
28. Rxa1 Ne5 29. Rd1 Ng4 30. Rf3 Nh6 31. h3 Rbe8 32. Rff1 Re7 33. Nf4 Rfe8 34.
Nd5 Rf7 35. Rf2 Bc6 36. Rdf1 Ng8 37. d4 Bxd5 38. exd5 Rfe7 39. c5 Re3 40. Rf3
Re2 41. R1f2 Re1+ 42. Kh2 Rc1 43. c6 f5 44. g4 hxg4 45. hxg4 Nf6 1/2-1/2

[Event "Open Brno 2014"]
[Site "Brno CZE"]
[Date "2014.11.21"]
[Round "8.24"]
[White "Snasel, Michal"]
[Black "Vucko, Maja"]
[Result "0-1"]
[WhiteElo "1704"]
[BlackElo "1923"]
[PlyCount "62"]
[EventDate "2014.11.15"]
[EventType "swiss"]
[EventRounds "9"]
[EventCountry "CZE"]
[Source "lmi"]
[SourceDate "2014.11.15"]

1. e4 c5 2. d4 cxd4 3. c3 Nf6 4. e5 Nd5 5. Nf3 e6 6. cxd4 Nc6 7. a3 d6 8. Bd3
dxe5 9. dxe5 Qc7 10. O-O a6 11. Re1 Bc5 12. Qc2 Nce7 13. Bd2 Bb6 14. Qa4+ Bd7
15. Qg4 Ng6 16. h4 Qc5 17. Qg3 Qf8 18. Nc3 Nge7 19. Nxd5 Nxd5 20. Rac1 Bc6 21.
Be4 O-O-O 22. Ng5 h6 23. Bxd5 Rxd5 24. Ne4 Kb8 25. Qb3 Qd8 26. Bb4 Ka8 27. Nd6
Qxh4 28. Bc5 Bxc5 29. Rc2 Bxd6 30. Rxc6 bxc6 31. exd6 Rb8 0-1

[Event "Open Brno 2014"]
[Site "Brno CZE"]
[Date "2014.11.21"]
[Round "8.25"]
[White "Kures, Michael"]
[Black "Trochta, Vojtech"]
[Result "0-1"]
[WhiteElo "1493"]
[BlackElo "1751"]
[PlyCount "68"]
[EventDate "2014.11.15"]
[EventType "swiss"]
[EventRounds "9"]
[EventCountry "CZE"]
[Source "lmi"]
[SourceDate "2014.11.15"]

1. f4 d5 2. Nf3 Nf6 3. e3 g6 4. b3 Bg7 5. Bb2 O-O 6. Be2 c5 7. O-O Nc6 8. d4
Ne4 9. Ne5 Qa5 10. Bf3 f5 11. Bxe4 fxe4 12. Nxc6 bxc6 13. c4 Ba6 14. Bc3 Qb6
15. Na3 Rad8 16. Rb1 Qc7 17. g3 Bc8 18. Qe1 cxd4 19. Ba5 Qd6 20. Bxd8 Rxd8 21.
b4 dxe3 22. c5 Qe6 23. Qxe3 d4 24. Qb3 Qxb3 25. axb3 d3 26. Nc4 Bd4+ 27. Kg2 e3
28. Rfd1 Bf5 29. Rbc1 Be4+ 30. Kh3 e2 31. Rd2 Bc3 32. g4 Rd4 33. Kg3 Rxc4 34.
Ra2 d2 0-1

[Event "Open Brno 2014"]
[Site "Brno CZE"]
[Date "2014.11.21"]
[Round "8.26"]
[White "Tajovsky, Matej"]
[Black "Romanek, Zdenek"]
[Result "1-0"]
[WhiteElo "1429"]
[BlackElo "1648"]
[PlyCount "73"]
[EventDate "2014.11.15"]
[EventType "swiss"]
[EventRounds "9"]
[EventCountry "CZE"]
[Source "lmi"]
[SourceDate "2014.11.15"]

1. e4 e6 2. d4 d5 3. exd5 exd5 4. Bd3 Nc6 5. c3 Bd6 6. Ne2 Nge7 7. O-O O-O 8.
Bf4 Bf5 9. Qc2 Bxd3 10. Qxd3 Ng6 11. Bg3 Qd7 12. Nd2 Nce7 13. Nf3 f5 14. Ne5
Bxe5 15. Bxe5 Nxe5 16. dxe5 f4 17. Nd4 c5 18. Nf3 Ng6 19. Rfe1 Rae8 20. Rad1
Rd8 21. Re2 Qe6 22. Rde1 Rf5 23. b4 b6 24. h4 Rh5 25. Ng5 Qg4 26. e6 Qxh4 27.
Nh3 Ne7 28. Qf3 g5 29. Re5 h6 30. c4 dxc4 31. Rd1 Rd4 32. Rxd4 cxd4 33. Qa8+
Kg7 34. Qe8 Kf6 35. Re1 Kg7 36. Qxe7+ Kh8 37. Qf6+ 1-0

[Event "Open Brno 2014"]
[Site "Brno CZE"]
[Date "2014.11.21"]
[Round "8.27"]
[White "Veznik, Michael"]
[Black "Nemec, Jakub"]
[Result "1/2-1/2"]
[WhiteElo "1839"]
[BlackElo "1523"]
[PlyCount "112"]
[EventDate "2014.11.15"]
[EventType "swiss"]
[EventRounds "9"]
[EventCountry "CZE"]
[Source "lmi"]
[SourceDate "2014.11.15"]

1. b3 c5 2. Bb2 Nc6 3. c4 Nf6 4. Nf3 e6 5. g3 d5 6. Bg2 Be7 7. O-O O-O 8. d3
Qc7 9. a3 b6 10. Qc2 Bb7 11. Nbd2 Rad8 12. Rac1 d4 13. e4 e5 14. Rce1 Nd7 15.
Bh3 Bc8 16. Kg2 Ndb8 17. Ng1 f6 18. Ndf3 f5 19. Bxf5 Bxf5 20. exf5 Rxf5 21. Re4
Nd7 22. Nh4 Rf7 23. Qd1 Rdf8 24. Bc1 Qd8 25. Nh3 Nf6 26. Ree1 Nd7 27. Qg4 Nf6
28. Qe6 Qc8 29. Ng5 Qxe6 30. Nxe6 Rc8 31. Nf5 Ne8 32. Nxe7+ Rxe7 33. Ng5 Nf6
34. Ne4 Nxe4 35. Rxe4 a6 36. Rfe1 Rce8 37. Bg5 Re6 38. f4 Kf7 39. f5 Rd6 40. g4
b5 41. h4 bxc4 42. bxc4 Rb8 43. Bc1 Rd7 44. R4e2 Rdb7 45. Kf3 Rb3 46. Ke4 Rd8
47. Rf2 Na5 48. Ree2 Nxc4 49. dxc4 d3 50. Rb2 Rc3 51. Rb7+ Kf8 52. Bd2 Rxc4+
53. Kxe5 Rcd4 54. f6 R8d5+ 55. Ke6 Rd6+ 56. Ke5 R6d5+ 1/2-1/2

[Event "Open Brno 2014"]
[Site "Brno CZE"]
[Date "2014.11.21"]
[Round "8.28"]
[White "Feldvabl, Vilem"]
[Black "Bata, Jiri"]
[Result "0-1"]
[WhiteElo "1716"]
[BlackElo "1589"]
[PlyCount "126"]
[EventDate "2014.11.15"]
[EventType "swiss"]
[EventRounds "9"]
[EventCountry "CZE"]
[Source "lmi"]
[SourceDate "2014.11.15"]

1. d4 d5 2. c4 e5 3. dxe5 d4 4. Nf3 Nc6 5. e3 Bb4+ 6. Bd2 dxe3 7. fxe3 Nge7 8.
Bxb4 Qxd1+ 9. Kxd1 Nxb4 10. a3 Nbc6 11. Bd3 Bg4 12. Nbd2 Nxe5 13. Kc2 Nxd3 14.
Kxd3 O-O 15. h3 Bh5 16. g4 Bg6+ 17. Kc3 Nc6 18. Nh4 Rae8 19. Rhe1 Ne5 20. Nxg6
Nxg6 21. Nf1 f5 22. g5 Nh4 23. Nh2 Ng2 24. Re2 Nf4 25. Ree1 Nxh3 26. Nf3 Nf2
27. Re2 Ne4+ 28. Kc2 g6 29. Rd1 Rd8 30. Rh2 Rxd1 31. Kxd1 Rd8+ 32. Kc2 Re8 33.
Kd3 Ng3 34. Rg2 Rd8+ 35. Kc2 Nf1 36. Re2 Re8 37. Kd3 Re4 38. Ng1 Rg4 39. Nf3
Re4 40. Ng1 Re7 41. Nf3 Ng3 42. Rg2 Rd7+ 43. Kc2 Ne4 44. Re2 Re7 45. Kd3 Kg7
46. Rh2 Ng3 47. Rg2 Nf1 48. Re2 h6 49. Re1 Ng3 50. Rg1 Ne4 51. Rg2 hxg5 52.
Nxg5 Nxg5 53. Rxg5 Kf6 54. Rg3 g5 55. Rh3 g4 56. Rh1 Kg5 57. Rh8 Rg7 58. e4 g3
59. Rh1 f4 60. Ke2 Kg4 61. Rh8 f3+ 62. Kf1 Kf4 63. Rf8+ Ke3 0-1

[Event "Open Brno 2014"]
[Site "Brno CZE"]
[Date "2014.11.21"]
[Round "8.29"]
[White "Baraniuk, Andrej"]
[Black "Glacner, Karel"]
[Result "1-0"]
[WhiteElo "1681"]
[BlackElo "1543"]
[PlyCount "99"]
[EventDate "2014.11.15"]
[EventType "swiss"]
[EventRounds "9"]
[EventCountry "CZE"]
[Source "lmi"]
[SourceDate "2014.11.15"]

1. b4 f5 2. Bb2 Nf6 3. Nf3 b5 4. e3 a6 5. g3 Bb7 6. Bg2 e6 7. a3 g6 8. O-O Bg7
9. d4 Ne4 10. Nbd2 d6 11. Qe2 Nd7 12. Rab1 Ndf6 13. c4 bxc4 14. Nxc4 Bc6 15.
Qc2 d5 16. Nfe5 Bb5 17. Rfc1 Rc8 18. a4 Bd7 19. Nxd7 Qxd7 20. Ne5 Qd6 21. Qc6+
Qxc6 22. Rxc6 Nd6 23. Rxa6 Nd7 24. Bf1 Nb6 25. a5 Nbc4 26. Nxc4 Nxc4 27. Bxc4
dxc4 28. Rxe6+ Kd7 29. Ra6 Rb8 30. Bc3 Rb5 31. Ra7 Re8 32. a6 Reb8 33. Ra1 Bf8
34. Rc1 Kc8 35. Be1 Bxb4 36. Rxc4 Bd6 37. Kg2 g5 38. h3 h5 39. Rc2 Rb2 40. Rxb2
Rxb2 41. Rb7 Ra2 42. Rb5 f4 43. gxf4 gxf4 44. e4 h4 45. e5 Be7 46. Ba5 Rxa5 47.
Rxa5 Kb8 48. Rb5+ Ka8 49. Rb7 Bd8 50. d5 1-0

[Event "Open Brno 2014"]
[Site "Brno CZE"]
[Date "2014.11.22"]
[Round "9.2"]
[White "Pokorny, Petr"]
[Black "Ivanov, Mikhail M"]
[Result "1/2-1/2"]
[WhiteElo "2138"]
[BlackElo "2380"]
[PlyCount "79"]
[EventDate "2014.11.15"]
[EventType "swiss"]
[EventRounds "9"]
[EventCountry "CZE"]
[Source "lmi"]
[SourceDate "2014.11.15"]

1. d4 d5 2. c4 dxc4 3. e3 e5 4. Bxc4 Nc6 5. d5 Na5 6. Qa4+ c6 7. dxc6 Nxc6 8.
Nf3 Bd6 9. Nc3 Nf6 10. O-O O-O 11. Rd1 Qe7 12. Nd5 Nxd5 13. Bxd5 Nb4 14. e4
Nxd5 15. Rxd5 Be6 16. Rd3 a6 17. Qd1 Bc5 18. Be3 Bxe3 19. Rxe3 Rfd8 20. Rd3
Rxd3 21. Qxd3 Rd8 22. Qc3 f6 23. a3 Qd6 24. h3 Rc8 25. Qe3 Rc2 26. b4 h6 27.
Rc1 Rxc1+ 28. Qxc1 Qd3 29. Qe3 Qxe3 30. fxe3 Bc4 31. Nd2 Bd3 32. Kf2 Kf7 33.
Kf3 Ke7 34. Nb3 b6 35. Nc1 Bc4 36. Ne2 Kd6 37. Nc3 h5 38. h4 g6 39. Kf2 a5 40.
Kf3 1/2-1/2

[Event "Open Brno 2014"]
[Site "Brno CZE"]
[Date "2014.11.22"]
[Round "9.6"]
[White "Iwanow, Anna"]
[Black "Snorek, Milan"]
[Result "1-0"]
[WhiteElo "2288"]
[BlackElo "2105"]
[PlyCount "74"]
[EventDate "2014.11.15"]
[EventType "swiss"]
[EventRounds "9"]
[EventCountry "CZE"]
[Source "lmi"]
[SourceDate "2014.11.15"]

1. e4 c5 2. Nf3 e6 3. d4 cxd4 4. Nxd4 a6 5. c4 Nf6 6. Nc3 Qc7 7. a3 b6 8. Be3
Bb7 9. f3 d6 10. Be2 Nbd7 11. O-O Be7 12. Qd2 Rc8 13. Rfc1 Qb8 14. b4 O-O 15.
Bf1 Rfe8 16. Kh1 Bd8 17. Bg1 Bc7 18. Qa2 Qa8 19. Na4 Bd8 20. Rab1 Kh8 21. Nb3
Bc6 22. Nc3 Bb7 23. Bd4 Kg8 24. Qf2 Qb8 25. a4 d5 26. exd5 exd5 27. c5 Bc7 28.
Qg1 Bf4 29. Rc2 bxc5 30. bxc5 Qc7 31. Ne2 Re6 32. Bf2 Nh5 33. Nbd4 Rh6 34. Nf5
Re6 35. Ned4 Nxc5 36. Nxe6 fxe6 37. Rxc5 Qd7 1-0

[Event "Open Brno 2014"]
[Site "Brno CZE"]
[Date "2014.11.22"]
[Round "9.8"]
[White "Kratochvil, Karel"]
[Black "Cherednichenko, Elena"]
[Result "1/2-1/2"]
[WhiteElo "2148"]
[BlackElo "2174"]
[PlyCount "30"]
[EventDate "2014.11.15"]
[EventType "swiss"]
[EventRounds "9"]
[EventCountry "CZE"]
[Source "lmi"]
[SourceDate "2014.11.15"]

1. d4 d5 2. c4 e6 3. Nc3 Be7 4. Nf3 Nf6 5. e3 O-O 6. Qc2 b6 7. cxd5 exd5 8. Bd3
Ba6 9. Bxa6 Nxa6 10. Ne5 c5 11. O-O Nb4 12. Qe2 Rc8 13. dxc5 bxc5 14. Rd1 Qa5
15. a3 Rfd8 1/2-1/2

[Event "Open Brno 2014"]
[Site "Brno CZE"]
[Date "2014.11.22"]
[Round "9.9"]
[White "Bartos, Jan"]
[Black "Dirgas, Josef"]
[Result "1/2-1/2"]
[WhiteElo "2194"]
[BlackElo "2078"]
[PlyCount "45"]
[EventDate "2014.11.15"]
[EventType "swiss"]
[EventRounds "9"]
[EventCountry "CZE"]
[Source "lmi"]
[SourceDate "2014.11.15"]

1. d4 Nf6 2. c4 e6 3. Nf3 Bb4+ 4. Bd2 Bxd2+ 5. Qxd2 b6 6. g3 Bb7 7. Bg2 O-O 8.
Nc3 d6 9. O-O Qe7 10. Rfe1 Ne4 11. Nxe4 Bxe4 12. Qf4 f5 13. Qg5 Re8 14. Qxe7
Rxe7 15. Nh4 Bxg2 16. Nxg2 Nc6 17. Rad1 e5 18. dxe5 Nxe5 19. Ne3 Rf7 20. b3 a5
21. Nd5 Re8 22. Kg2 Ng4 23. e3 1/2-1/2

[Event "Open Brno 2014"]
[Site "Brno CZE"]
[Date "2014.11.22"]
[Round "9.11"]
[White "Grove, Michael"]
[Black "Borisek, Anze"]
[Result "1-0"]
[WhiteElo "2083"]
[BlackElo "1934"]
[PlyCount "85"]
[EventDate "2014.11.15"]
[EventType "swiss"]
[EventRounds "9"]
[EventCountry "CZE"]
[Source "lmi"]
[SourceDate "2014.11.15"]

1. e4 c6 2. Nc3 d5 3. Nf3 dxe4 4. Ng5 Nf6 5. Bc4 e6 6. Ncxe4 Nxe4 7. Nxe4 Nd7
8. O-O Nf6 9. d3 Nxe4 10. dxe4 Qxd1 11. Rxd1 Be7 12. a4 b6 13. Bf4 Bd7 14. Rd3
b5 15. axb5 cxb5 16. Rxd7 bxc4 17. Raxa7 Rxa7 18. Rxa7 Bd8 19. Bd6 h5 20. Kf1
Rh6 21. e5 Rg6 22. f3 f6 23. Ra4 Rg5 24. Rxc4 fxe5 25. Re4 Kd7 26. Bxe5 Bf6 27.
f4 Rf5 28. Ke2 g6 29. Ke3 Be7 30. Rc4 g5 31. g3 h4 32. b4 hxg3 33. hxg3 gxf4+
34. gxf4 Rh5 35. Rc7+ Kd8 36. Rb7 Rh3+ 37. Kd4 Rh2 38. c4 Rb2 39. c5 Bh4 40.
Kc3 Rb1 41. Kc2 Rg1 42. c6 Rg2+ 43. Kb3 1-0

[Event "Open Brno 2014"]
[Site "Brno CZE"]
[Date "2014.11.22"]
[Round "9.12"]
[White "Davis, Lee"]
[Black "Vesely, Jaromir"]
[Result "1-0"]
[WhiteElo "1971"]
[BlackElo "2008"]
[PlyCount "79"]
[EventDate "2014.11.15"]
[EventType "swiss"]
[EventRounds "9"]
[EventCountry "CZE"]
[Source "lmi"]
[SourceDate "2014.11.15"]

1. d4 d5 2. g3 c6 3. Bg2 Bf5 4. Nf3 e6 5. O-O h6 6. c4 Nd7 7. Nc3 Ngf6 8. Bf4
g5 9. Be5 Nxe5 10. Nxe5 Bg7 11. cxd5 exd5 12. e4 dxe4 13. Re1 O-O 14. Nxe4 Nxe4
15. Bxe4 Bxe4 16. Rxe4 Qd5 17. Qc2 Rad8 18. Rae1 Qxa2 19. Nf3 Qd5 20. Qe2 a5
21. h4 b5 22. hxg5 hxg5 23. Rc1 f5 24. Re7 g4 25. Nh4 Bxd4 26. Qd2 f4 27. Qc2
Qh5 28. Qxc6 fxg3 29. Qe6+ Rf7 30. Rc8 Bxf2+ 31. Kg2 Rxc8 32. Qxc8+ Kh7 33.
Rxf7+ Qxf7 34. Qxg4 Qd5+ 35. Nf3 a4 36. Qb4 Be3 37. Qe7+ Kg8 38. Qxe3 Kf7 39.
Kxg3 Qc6 40. Ne5+ 1-0

[Event "Open Brno 2014"]
[Site "Brno CZE"]
[Date "2014.11.22"]
[Round "9.16"]
[White "Popper, Tomas"]
[Black "Zeman, Radek"]
[Result "1/2-1/2"]
[WhiteElo "1961"]
[BlackElo "1893"]
[PlyCount "75"]
[EventDate "2014.11.15"]
[EventType "swiss"]
[EventRounds "9"]
[EventCountry "CZE"]
[Source "lmi"]
[SourceDate "2014.11.15"]

1. Nf3 c5 2. b3 Nf6 3. Bb2 d5 4. e3 e6 5. Be2 Be7 6. O-O Nbd7 7. d4 O-O 8. Nbd2
b6 9. c4 Bb7 10. cxd5 Nxd5 11. Re1 cxd4 12. Nxd4 Nc5 13. Nc4 Rc8 14. Bf1 Ne4
15. Qg4 Ndf6 16. Qe2 Bb4 17. Rec1 Qe7 18. a3 Bc5 19. b4 Bxd4 20. Bxd4 Rfd8 21.
Qb2 Ne8 22. f3 N4d6 23. Nxd6 Qxd6 24. a4 f6 25. a5 e5 26. Bc3 Kh8 27. f4 exf4
28. Bd4 fxe3 29. Bxe3 Rxc1 30. Rxc1 Nc7 31. axb6 axb6 32. Qd4 Qxd4 33. Bxd4 Nd5
34. b5 Rc8 35. Re1 Kg8 36. g3 Kf7 37. Bg2 Rc7 38. Bxd5+ 1/2-1/2

[Event "Open Brno 2014"]
[Site "Brno CZE"]
[Date "2014.11.22"]
[Round "9.17"]
[White "Gentsch, Peter"]
[Black "Kaplan, Milan"]
[Result "0-1"]
[WhiteElo "1956"]
[BlackElo "1791"]
[PlyCount "46"]
[EventDate "2014.11.15"]
[EventType "swiss"]
[EventRounds "9"]
[EventCountry "CZE"]
[Source "lmi"]
[SourceDate "2014.11.15"]

1. d4 Nf6 2. c4 e6 3. Nf3 b6 4. Nc3 Bb4 5. Bd2 O-O 6. e3 Bb7 7. Be2 d5 8. a3
Bxc3 9. Bxc3 Nbd7 10. cxd5 Nxd5 11. O-O Nxc3 12. bxc3 c5 13. Qa4 Qc7 14. Rfd1
Bxf3 15. Bxf3 Rac8 16. Rd2 cxd4 17. cxd4 Qc3 18. Rad1 Rc7 19. Be2 Qc6 20. Bb5
Qd6 21. g3 Nf6 22. Rd3 Qd5 23. Rf1 Ne4 0-1

[Event "Open Brno 2014"]
[Site "Brno CZE"]
[Date "2014.11.22"]
[Round "9.20"]
[White "Vucko, Maja"]
[Black "Glozar, Petr"]
[Result "1-0"]
[WhiteElo "1923"]
[BlackElo "1665"]
[PlyCount "45"]
[EventDate "2014.11.15"]
[EventType "swiss"]
[EventRounds "9"]
[EventCountry "CZE"]
[Source "lmi"]
[SourceDate "2014.11.15"]

1. e4 c5 2. Nf3 Nc6 3. d4 cxd4 4. Nxd4 g6 5. Nxc6 bxc6 6. Bc4 Bg7 7. O-O d6 8.
Re1 Bb7 9. Qf3 Nf6 10. Bxf7+ Kxf7 11. Qb3+ d5 12. Qxb7 Nxe4 13. Qxc6 Qa5 14. c3
Rhc8 15. Qd7 Rc7 16. Qh3 Kg8 17. Qe6+ Kh8 18. f3 Bd4+ 19. Kh1 Qb5 20. Re2 Qd3
21. Nd2 Nxd2 22. Bxd2 Bb6 23. Bf4 1-0

[Event "Open Brno 2014"]
[Site "Brno CZE"]
[Date "2014.11.22"]
[Round "9.21"]
[White "Trochta, Vojtech"]
[Black "Zemlicka, Vit"]
[Result "0-1"]
[WhiteElo "1751"]
[BlackElo "1899"]
[PlyCount "60"]
[EventDate "2014.11.15"]
[EventType "swiss"]
[EventRounds "9"]
[EventCountry "CZE"]
[Source "lmi"]
[SourceDate "2014.11.15"]

1. e4 e5 2. Nf3 Nc6 3. d4 exd4 4. Nxd4 Nf6 5. Nxc6 bxc6 6. Bd3 Bb4+ 7. c3 Be7
8. e5 Nd5 9. O-O O-O 10. Nd2 Nf4 11. Ne4 Nxd3 12. Qxd3 d5 13. exd6 cxd6 14. Bf4
d5 15. Ng3 Re8 16. Rfe1 Be6 17. Re2 Qd7 18. Rae1 Bc5 19. h3 Rad8 20. Be5 f6 21.
Bd4 Bd6 22. b4 a5 23. a3 axb4 24. axb4 Bf7 25. Qf5 Rxe2 26. Rxe2 Qc7 27. Qg4
Bg6 28. Qe6+ Qf7 29. Qxf7+ Kxf7 30. Kf1 Bd3 0-1

[Event "Open Brno 2014"]
[Site "Brno CZE"]
[Date "2014.11.22"]
[Round "9.23"]
[White "Doskar, Miloslav"]
[Black "Zikan, Karel"]
[Result "0-1"]
[WhiteElo "1725"]
[BlackElo "1743"]
[PlyCount "58"]
[EventDate "2014.11.15"]
[EventType "swiss"]
[EventRounds "9"]
[EventCountry "CZE"]
[Source "lmi"]
[SourceDate "2014.11.15"]

1. d4 Nf6 2. c4 e6 3. Nc3 d5 4. Nf3 Nbd7 5. e3 c6 6. Bd3 dxc4 7. Bxc4 b5 8. Bd3
a6 9. e4 Bb7 10. e5 Nd5 11. Bg5 Qa5 12. Bd2 Nxc3 13. Bxc3 Bb4 14. Qd2 Bxc3 15.
bxc3 c5 16. Be2 Rd8 17. O-O Bxf3 18. gxf3 cxd4 19. Qg5 O-O 20. cxd4 Nb6 21.
Rfd1 Nd5 22. Rd3 h6 23. Qg4 Ne7 24. Kh1 Nf5 25. Rg1 Qxa2 26. f4 g6 27. h4 Kh7
28. Bf3 Qxf2 29. Rgd1 Ng3+ 0-1